000 01061pam a2200253 i 4500
003 KPN
005 20260429102016.0
008 20260429b 00| 0 my d
020 _a9789674460327
_qpaperback
_cRM9.90
040 _cKPN
082 0 4 _aBM FK SIT 2015
_223
090 0 0 _aBM FK SIT 2015
_bSIT
100 0 _aSiti Zarinah Husain,
_d1971-
_eauthor.
245 1 0 _aAlhamdulillah /
_cSiti Zarinah ; Editor Ismawannie binti Ismail ; Ilustrasi Syafiq Som
264 1 _aShah Alam, Selangor :
_bGrup Buku Karangkraf Sdn. Bhd.,
_c2015
300 _a28 unnumbered pages :
_bcolour illustrations ;
_c24 cm.
490 1 _aI ♥ Allah
521 _aBuku "I Love Allah - Alhamdulillah" oleh Siti Zarinah ialah siri didikan insan untuk kanak-kanak yang mengajar mereka mengucap alhamdulillah apabila gembira atau memperoleh keinginan. Diterbitkan pada 2015, buku ini mendidik pembaca muda menghargai nikmat Allah.
650 1 0 _aIslamic stories, Malay
700 0 _aIsmawannie Ismail,
_eeditor.
700 0 _aSyafiq Som,
_eillustrator.
830 0 _aI love Allah
942 _2ddc
_c1
_n0
999 _c1842
_d1842